000 02021nam0a2200373 4500
001 RU\NLR\bibl\789818
005 20260405154551.0
010 _a5-9551-0045-8
_bв пер.
_9500
021 _aRU
_b2004-75841
_93740
035 _aRSL-KNO-002508917
035 _a(NLR Aleph) 000779072
090 _a1050563
_c1050563
100 _a20041206d2004 |||y0rusy50 ca
101 1 _arus
_afre
_cfre
102 _aRU
105 _ay |||||||||
106 _ar
200 1 _aШери
_aКонец Шери
_dChéri; La fin de Chéri
_e[романы]
_fКолетт
_gпредисл. и коммент. к фр. тексту Марины Тихоновой
_gпер. и послесл. Эды Береговской
_gред. Пьер Барт
_zfre
210 _aМосква
_cЯзыки славянской культуры
_d2004
_gГУП Смол. обл. тип. им. В.И. Смирнова
215 _a557, [2] с.
_d22
225 1 _aМоя французская библиотечка
_dMa petite bibliothèque française
300 _aТекст парал. на рус. и фр. яз.
510 1 _6z45790
_aChéri; La fin de Chéri
610 0 _aФилологические науки. Художественная литература -- Франция -- Литература Франции -- 1917 - 1945 гг. -- Произведения художественной литературы -- Художественная проза -- Романы. Повести. Рассказы
686 _aШ5(4Фр)61-644
_2rubbk
686 _aШ6(4Фр)67-440.4{Лх1648-50}
700 1 _4070
_8rus
_7ca
_aКолетт
_bС.-Г.
_f1873-1954
_gСидони-Габриель
_3RU\NLR\auth\7765485
_948414
790 1 _4070
_7ba
_8fre
_aColette
_bS.-G.
_f1873-1954
_gSidonie-Gabrielle
_9256709
_3RU\NLR\AUTH\770256765
801 0 _aRU
_bRuMoRKP
_c20041206
_grcr
801 1 _aRU
_bRuMoRGB
_c20041206
801 2 _aRU
_bNLR
_c20050419
_gPSBO
942 _cBOOK
980 _aNB